000 00692nam a2200289Ia 4500
005 20260324140500.0
008 008 260324s9999 xx 000 0 eng d
020 _a9781315223391
037 _aEBOOK
040 _aCRL
040 _beng
040 _cCRL
041 _2eng
041 _aeng
084 _qCRL
100 _aBonnie Hunt Conrad
_91204558
245 0 _aWhen a Child Has Been Murdered
245 0 _bWays You Can Help the Grieving Parents
260 _bTaylor and Francis
260 _c1998
365 _a
365 _b255
856 _uhttp://www.taylorfrancis.com/books/9781315223391
942 _cEBOOK
999 _c1806699
_d1806699